000 00585nam a22001457a 4500
020 _a978-0-143-41865-8
082 _a823
_bMUR/D
100 _aMURTY, SUDHA
245 _aTHE DAY I STOPPED DRINKING MILK
_bLIFE STORIES FROM HERE AND THERE
260 _aGURGAON
_bPENGUIN BOOKS
_c2012
300 _a212
520 _aThe title story “The Day I Stopped Drinking Milk” is about a young girl who stops drinking milk after being told that it is bad for her health. Despite her family's disapproval, she learns to stand up for what she believes in.
650 _aNOVEL
_zINDIA
942 _cBK
999 _c3576
_d3576